| 000 | 00587nam a2200217#a 4500 | ||
|---|---|---|---|
| 001 | 02213 | ||
| 003 | HDC | ||
| 007 | ta | ||
| 008 | 230623s2012 xx 000 0 eng d | ||
| 040 | _aHDC | ||
| 050 |
_aarm CD2280 _b.A75 2012 |
||
| 110 | _aArkib Negara Malaysia. | ||
| 245 | 0 |
_aLaporan tahunan = _bannual report : _b2012 / _cArkib Negara Malaysia. |
|
| 264 |
_aKuala Lumpur : _bArkib Negara Malaysia, _c2012. |
||
| 300 |
_av. : _b ill. ; _c 29cm. |
||
| 650 | _aArkib Negara Malaysia. Annual report. | ||
| 942 | _2lcc | ||
| 942 | _cBK | ||
| 942 | _karm CD2280 | ||
| 942 | _m.A75 2012 | ||
| 999 |
_c23772 _d23772 |
||